| 000 | 00828nam a2200277 a 4500 | ||
|---|---|---|---|
| 001 | BRL_507 | ||
| 005 | 20190320210756.0 | ||
| 008 | 230813s2001----mx-a######---#000-0#spa-# | ||
| 020 | _a9685408001 | ||
| 041 | _aspa | ||
| 044 | _amx | ||
| 050 | 4 |
_aTP881 _b.E53 2001 |
|
| 245 | 1 | 0 |
_aEnconcreto _cedición y texto Arturo Guzman ; arte y diseño Pablo Lavalley. |
| 260 |
_aMéxico _bCamara Nacional del Concreto _c2001 |
||
| 300 |
_a259 p. _bil. a color _c30 cm. |
||
| 500 | _aAu531 | ||
| 500 | _aIncluye dedicatoria a Ruth Lechuga | ||
| 504 | _aBibliografía : p. 258-259 | ||
| 650 | 1 | 4 |
_aCemento _924133 |
| 650 | 1 | 4 |
_aMateriales de construcción _xCemento _924134 |
| 650 | 1 | 4 |
_aArquitectura _zMéxico _9596 |
| 700 | 1 |
_aGuzmán Romano, Arturo _924135 |
|
| 700 | 1 |
_aLavalley, Pablo _924136 |
|
| 902 | _aGRL | ||
| 942 |
_2lcc _cB |
||
| 999 |
_c9319 _d9319 |
||